| 000 | 01072nam a2200241 a 4500 | ||
|---|---|---|---|
| 001 | BRCA_1130 | ||
| 005 | 20190320203307.0 | ||
| 008 | 980522s1998 nyua---##b---#001-0#eng-# | ||
| 020 | _a0195123964 | ||
| 020 | _a0195123972 | ||
| 040 |
_aDLC _cDLC _dDLC |
||
| 050 | 4 |
_aND1605 _b.C66 1998 |
|
| 245 | 1 | 0 |
_aCopper as Canvas _bTwo Centuries of Masterpiece Paintings on Copper, 1575-1775 _c[organized by] Phoenix Art Museum. |
| 260 |
_aNew York _bOxford University _c1998 |
||
| 300 |
_axx, 346 p. _bil. a color, mapas _c28 cm. |
||
| 500 | _aCatálogo de la exposición realizada en el Museo de Arte de Phoenix, 19 diciembre - 28 febrero, 1998, en el Museo de Nelson-Atkins del Arte, 28 marzo - 23 junio, 1999 y en el Gabinete Real de las Pinturas Mauritshuis, 26 junio - 22 agosto, 1999 | ||
| 500 | _aIncluye índice alfabético | ||
| 504 | _aIncluye referencias bibliográficas | ||
| 650 | 1 | 4 |
_aPintura de cobre _vExposiciones _93726 |
| 650 | 1 | 4 |
_aPintura _vExposiciones _ySiglo XVI _93727 |
| 650 | 1 | 4 |
_aPintura moderna _vExposiciones _ySiglos XVII y XVIII _93728 |
| 942 |
_2lcc _cB |
||
| 999 |
_c1008 _d1008 |
||